000 00901nam a2200229 i 4500
001 123673
003 ES-MaACL
005 20230906192222.0
007 t|
008 070214s1963 sp f |||| | spa d
080 _a914.621.1 Peñalba
080 _a726.75(460.181 Peñalba)
100 1 _aQuintana Prieto, Augusto.
_994694
245 1 0 _aPeñalba
_b: estudio histórico sobre el monasterio /
_cAugusto Quintana Prieto.
246 3 3 _aPeñalba
_b: estudio histórico sobre el monasterio berciano de Santiago de Peñalba
260 _aLeón :
_b[Servicio de Publicaciones, Diputación Provincial de León],
_c1963 (
_fImp. Provincial)
300 _aIV, 128 p., 22 lám. ;
_c24 cm.
610 2 4 _aMonasterio de Santiago de Peñalba.
_9162019
651 4 _aPeñalba de Santiago-
_xDescripción.
_9162020
710 1 _aLeón (Provincia).
_bDiputación Provincial.
_95494
852 _aES-MaACL
_jC-23802
999 _c123673
_d123673